| 000 | 003570000a22001450004500 | ||
|---|---|---|---|
| 060 | _a105 | ||
| 082 | _a582.130 12 REN | ||
| 100 | _aRendle, Alfred Barton | ||
| 245 | _aClassification of flowering plants V. 2 Dicotyledons | ||
| 260 | _aCambridge, The University press | ||
| 260 | _c1952 | ||
| 300 | _a176 | ||
| 650 | _a flowering plants | ||
| 942 | _cBK | ||
| 999 |
_c363195 _d363195 |
||